000 00484nam a2200181Ia 4500
001 21270
005 20260306172907.0
008 260306t2014||||xx |||||||||||||| ||spa||
041 _aESP
082 _a344.522
_bA14
100 _aAboso, Gustavo Eduardo
_eAUT
245 0 _aDerecho penal sexual:
_bestudio sobre los delitos contra la integridad sexual
260 _c2014
300 _axxiv, 623 páginas :
_c23 cm.
650 _aGEN
654 _aCDE
942 _cLIB
_dJUS
_fJUS
_2ddc
_n
999 _c21270
_d21270